| 000 | 01161cam a2200313 i 4500 | ||
|---|---|---|---|
| 003 | SA-RiAUC | ||
| 005 | 20241231152131.0 | ||
| 008 | 241231s2006 su a g f00000 ara c | ||
| 020 | _a9960002764 | ||
| 020 | _a9960002764 | ||
| 040 |
_aSD-KhSNL _bara _cSA-RiAUC _erda |
||
| 043 | _aa-jo--- | ||
| 082 |
_a722.5 _qSA-RiAUC |
||
| 090 |
_a722.5 _bخ ط ا |
||
| 100 | 1 |
_aالخطاطبة، محمد فاضل أمين _eمؤلف. |
|
| 245 | 1 | 0 |
_aعمارة الأنباط السكنية / _cمحمد فاضل أمين الخطاطبة. |
| 250 | _aالطبعة الأولى. | ||
| 264 | 1 |
_aالرياض : _bمكتبة الملك فهد الوطنية، _c2006 |
|
| 300 |
_a648 صفحة : _bإيضاحيات ؛ _c24 سم. |
||
| 336 |
_aنص _btxt _2rdacontent _3كتاب |
||
| 337 |
_aبدون وسيط _bn _2rdamedia |
||
| 338 |
_aمجلد _bnc _2rdacarrier |
||
| 490 | 0 | _aمطبوعات مكتبة الملك فهد الوطنية | |
| 650 | 7 |
_aالعمارة _zالأردن _xتاريخ _2aucsh |
|
| 650 | 7 |
_aالأنباط _xتاريخ _2aucsh |
|
| 651 | 7 |
_aالأردن _xآثار _2aucsh |
|
| 942 |
_2ddc _cBOOK _n0 |
||
| 949 |
_aSA-JeALM _d241231 _uosman123 _n1 |
||
| 999 |
_c4206 _d4206 |
||